[Event "Haustmót Taflfélags Reykjavíkur 2015,"]
[Site "Faxafen 12, Reykjavík"]
[Date "2015.10.07"]
[Round "6.1"]
[White "Ragnarsson, Heimir Pall"]
[Black "Vignisson, Ingvar Egill"]
[Result "1-0"]
[WhiteElo "1712"]
[BlackElo "1549"]
[PlyCount "119"]
[EventDate "2015.09.13"]

1. c4 c5 2. g3 g6 3. Bg2 Bg7 4. d3 Nf6 5. Nc3 O-O 6. Rb1 Nc6 7. a3 a5 8. Nb5 d6
9. Nf3 e5 10. e4 h6 11. O-O Bg4 12. h3 Be6 13. Bd2 Qd7 14. Kh2 Na7 15. Nxa7
Rxa7 16. b4 axb4 17. axb4 b6 18. bxc5 bxc5 19. Qc1 Kh7 20. Qb2 Rfa8 21. Ra1 Ng8
22. Ng1 Ne7 23. Bc3 Rb7 24. Qd2 Rab8 25. Ne2 Nc6 26. f4 exf4 27. Nxf4 Bxc3 28.
Qxc3 Nd4 29. Nd5 Bxd5 30. exd5 Rb3 31. Qd2 Rb2 32. Qf4 Re2 33. Qxf7+ Qxf7 34.
Rxf7+ Kg8 35. Raf1 Nf5 36. Rf6 Rbb2 37. Rg1 Ne3 38. Rxg6+ Kh7 39. Re6 Rxg2+ 40.
Rxg2 Nxg2 41. Kg1 h5 42. h4 Rd2 43. Kf1 Kg7 44. Re2 Rxe2 45. Kxe2 Nxh4 46. gxh4
Kf6 47. Kf2 Kf5 48. Kf3 Ke5 49. Ke3 Kf5 50. d4 cxd4+ 51. Kxd4 Kg4 52. c5 dxc5+
53. Kxc5 Kxh4 54. d6 Kg3 55. d7 h4 56. d8=Q h3 57. Qd6+ Kg2 58. Qd5+ Kg1 59.
Qd4+ Kf1 60. Qf4+ 1-0

[Event "Haustmót Taflfélags Reykjavíkur 2015,"]
[Site "Faxafen 12, Reykjavík"]
[Date "2015.10.07"]
[Round "6.2"]
[White "Mai, Aron Thor"]
[Black "Jonsson, Gauti Pall"]
[Result "0-1"]
[WhiteElo "1502"]
[BlackElo "1769"]
[PlyCount "64"]
[EventDate "2015.09.13"]

1. e4 c5 2. Nf3 e6 3. d4 cxd4 4. Nxd4 a6 5. c4 Nf6 6. Nc3 Bb4 7. Bd3 Bxc3+ 8.
bxc3 Qc7 9. O-O d6 10. f4 Nbd7 11. Nb3 O-O 12. Be3 b6 13. g4 Bb7 14. Nd2 Nc5
15. Bxc5 Qxc5+ 16. Kg2 d5 17. Nb3 Qc7 18. e5 dxc4+ 19. Kh3 cxd3 20. exf6 Qxc3
21. fxg7 d2+ 22. Kh4 Qxg7 23. Qxd2 Rfd8 24. Qe3 Bg2 25. Rfd1 Qh6+ 26. Kg3 Qh3+
27. Kf2 Qxh2 28. Qe5 Bc6+ 29. Ke1 Qg3+ 30. Kf1 Bg2+ 31. Ke2 Qf3+ 32. Ke1 Qf1#
0-1

[Event "Haustmót Taflfélags Reykjavíkur 2015,"]
[Site "Faxafen 12, Reykjavík"]
[Date "2015.10.07"]
[Round "6.3"]
[White "Davidsson, Oskar Vikingur"]
[Black "Briem, Hedinn"]
[Result "0-1"]
[WhiteElo "1742"]
[BlackElo "1488"]
[PlyCount "84"]
[EventDate "2015.09.13"]

1. e4 e6 2. d4 d5 3. Nd2 c5 4. c3 Nc6 5. dxc5 Bxc5 6. Nb3 Bb6 7. exd5 exd5 8.
Bb5 Nf6 9. Nf3 O-O 10. O-O Bg4 11. h3 Bf5 12. Bg5 Be4 13. Bd3 Bxf3 14. Qxf3 Ne5
15. Qf5 Nxd3 16. Qxd3 Qd6 17. Bxf6 gxf6 18. Rad1 Rad8 19. Rd2 Rd7 20. Qf5 Qe6
21. Qg4+ Qxg4 22. hxg4 Rfd8 23. Rfd1 Kf8 24. c4 d4 25. c5 Bc7 26. Nxd4 Ke8 27.
Nf3 Rxd2 28. Rxd2 Rxd2 29. Nxd2 Be5 30. Nc4 Kd7 31. Nxe5+ fxe5 32. Kh2 Kc6 33.
Kg3 Kxc5 34. Kh4 Kd4 35. Kg5 e4 36. Kf6 Kd3 37. Kxf7 Ke2 38. f4 Kd2 39. f5 e3
40. f6 e2 41. Kg7 e1=Q 42. f7 Qe7 0-1

[Event "Haustmót Taflfélags Reykjavíkur 2015,"]
[Site "Faxafen 12, Reykjavík"]
[Date "2015.10.07"]
[Round "6.4"]
[White "Jonasson, Hordur"]
[Black "Magnusdottir, Veronika Steinun"]
[Result "0-1"]
[WhiteElo "1551"]
[BlackElo "1843"]
[PlyCount "56"]
[EventDate "2015.09.13"]

1. d4 d5 2. Bf4 c5 3. dxc5 Nc6 4. e3 e5 5. Bg3 Bxc5 6. c3 Nf6 7. h3 Qb6 8. Qb3
Qc7 9. Nf3 O-O 10. Bb5 Bd6 11. Bxc6 bxc6 12. O-O Rb8 13. Qc2 Ne4 14. Bh2 Bf5
15. Nh4 Bc8 16. Nd2 Nxd2 17. Qxd2 e4 18. Bxd6 Qxd6 19. g4 Qh6 20. Nf5 Bxf5 21.
gxf5 Qxh3 22. f6 gxf6 23. f4 exf3 24. Qh2 Qg4+ 25. Kh1 Kh8 26. Rg1 Qe4 27. Qf2
Rb5 28. b3 d4 0-1

[Event "Haustmót Taflfélags Reykjavíkur 2015,"]
[Site "Faxafen 12, Reykjavík"]
[Date "2015.10.07"]
[Round "6.5"]
[White "Luu, Robert"]
[Black "Gudmarsson, Olafur"]
[Result "1/2-1/2"]
[WhiteElo "1490"]
[BlackElo "1667"]
[PlyCount "88"]
[EventDate "2015.09.13"]

1. d4 e6 2. Nf3 Nf6 3. e3 d5 4. Bd3 c5 5. b3 Nc6 6. Bb2 Bd7 7. Nbd2 Nb4 8. Be2
Rc8 9. a3 Nc6 10. O-O a6 11. dxc5 Bxc5 12. b4 Be7 13. Ne5 Nxe5 14. Bxe5 Ba4 15.
Bd3 Bd6 16. Bxd6 Qxd6 17. Rc1 O-O 18. Qe2 e5 19. c4 e4 20. Bb1 b6 21. h3 Qe5
22. Bc2 Bd7 23. Bb3 Qg5 24. Kh2 dxc4 25. Bxc4 b5 26. Bb3 Qe5+ 27. Kg1 Qb2 28.
Ra1 Rfd8 29. Rfb1 Qe5 30. Nf1 Qc3 31. Qa2 Be8 32. Qb2 Rd3 33. Ng3 g6 34. Ne2
Qxb2 35. Rxb2 Nd7 36. Rc1 Rxc1+ 37. Nxc1 Rc3 38. Ne2 Rd3 39. Nc1 Rd6 40. Rc2
Ne5 41. Ne2 Rd1+ 42. Kh2 Ra1 43. Ra2 Rf1 44. Ng3 Rb1 1/2-1/2

[Event "Haustmót Taflfélags Reykjavíkur 2015,"]
[Site "Faxafen 12, Reykjavík"]
[Date "2015.10.14"]
[Round "8.1"]
[White "Ragnarsson, Heimir Pall"]
[Black "Mai, Aron Thor"]
[Result "0-1"]
[WhiteElo "1712"]
[BlackElo "1502"]
[PlyCount "50"]
[EventDate "2015.09.13"]

1. c4 Nf6 2. g3 c5 3. Bg2 e6 4. Nc3 d5 5. d3 h6 6. cxd5 exd5 7. Bf4 Qb6 8. Qc2
Be6 9. Nf3 Nc6 10. a3 Be7 11. O-O O-O 12. Nd2 g5 13. Na4 Qd8 14. Nxc5 gxf4 15.
Nxb7 Qb6 16. Rac1 Rfc8 17. Nc5 Nd4 18. Qd1 Bxc5 19. b4 Bd6 20. Rxc8+ Rxc8 21.
Nf3 Rc1 22. Qd2 Nxf3+ 23. Bxf3 Rxf1+ 24. Kxf1 fxg3 25. Qxh6 Qxf2# 0-1

[Event "Haustmót Taflfélags Reykjavíkur 2015,"]
[Site "Faxafen 12, Reykjavík"]
[Date "2015.10.14"]
[Round "8.2"]
[White "Davidsson, Oskar Vikingur"]
[Black "Vignisson, Ingvar Egill"]
[Result "0-1"]
[WhiteElo "1742"]
[BlackElo "1549"]
[PlyCount "54"]
[EventDate "2015.09.13"]

1. e4 c5 2. c3 g6 3. d4 cxd4 4. Qxd4 Nf6 5. e5 Nc6 6. Qf4 Nd5 7. Qe4 Nc7 8. Bc4
Bg7 9. Nf3 b5 10. Bb3 Ne6 11. Bxe6 fxe6 12. Ng5 Qc7 13. f4 O-O 14. h4 Bb7 15.
h5 Nxe5 16. Qc2 h6 17. Kd1 Qd6+ 18. Bd2 Nd3 19. Ke2 Nxf4+ 20. Bxf4 Rxf4 21. Nf3
Bxf3+ 22. gxf3 Qe5+ 23. Kf2 Qf5 24. Qxf5 Rxf5 25. hxg6 b4 26. a3 bxc3 27. bxc3
Rc8 0-1

[Event "Haustmót Taflfélags Reykjavíkur 2015,"]
[Site "Faxafen 12, Reykjavík"]
[Date "2015.10.14"]
[Round "8.3"]
[White "Jonasson, Hordur"]
[Black "Jonsson, Gauti Pall"]
[Result "0-1"]
[WhiteElo "1551"]
[BlackElo "1769"]
[PlyCount "68"]
[EventDate "2015.09.13"]

1. d4 Nf6 2. Bf4 g6 3. e3 Bg7 4. h3 O-O 5. Nf3 d6 6. Nbd2 Nfd7 7. c3 e5 8. Bg5
Qe8 9. Bc4 Nc6 10. Qc2 Kh8 11. d5 Ne7 12. e4 Nb6 13. Bd3 f5 14. Bxe7 Qxe7 15.
O-O-O c6 16. dxc6 bxc6 17. exf5 gxf5 18. Be2 d5 19. g4 f4 20. Nb3 a5 21. a3 a4
22. Nbd2 e4 23. Nd4 c5 24. Nf5 Bxf5 25. gxf5 Rxf5 26. Bg4 Rff8 27. Rde1 Qh4 28.
f3 e3 29. Nb1 Rf6 30. Reg1 Nc4 31. Rd1 Rb8 32. Rxd5 Rxb2 33. Qd3 Qf2 34. Rf1
Rxb1+ 0-1

[Event "Haustmót Taflfélags Reykjavíkur 2015,"]
[Site "Faxafen 12, Reykjavík"]
[Date "2015.10.14"]
[Round "8.4"]
[White "Luu, Robert"]
[Black "Briem, Hedinn"]
[Result "0-1"]
[WhiteElo "1490"]
[BlackElo "1488"]
[PlyCount "92"]
[EventDate "2015.09.13"]

1. d4 Nf6 2. Nf3 d5 3. Bg5 Ne4 4. Bf4 c5 5. e3 Nc6 6. c3 Qb6 7. Qb3 Bg4 8. Be2
e6 9. Qxb6 axb6 10. Bc7 cxd4 11. exd4 Bxf3 12. Bxf3 Nd6 13. Bxd6 Bxd6 14. Nd2
b5 15. b4 O-O 16. O-O Rfc8 17. Rfc1 Bf4 18. Rd1 Bxd2 19. Rxd2 Ra3 20. Rd3 Nxb4
21. Rdd1 Raxc3 22. Be2 Nc2 23. Rac1 Nxd4 24. Rxc3 Nxe2+ 25. Kf1 Nxc3 26. Rc1
Rc4 27. Rc2 b4 28. Ke1 Kf8 29. f3 Ke7 30. g3 Kd6 31. Rg2 Rd4 32. Rc2 Rd1+ 33.
Kf2 d4 34. Rb2 Rb1 35. Rd2 Kc5 36. f4 Ne4+ 37. Ke2 Nxd2 38. Kxd2 Rb2+ 39. Kd3
Rxa2 40. f5 exf5 41. g4 fxg4 42. Ke4 b3 43. Kf5 b2 44. Kxg4 b1=Q 45. h4 Rg2+
46. Kh5 Qg6# 0-1

[Event "Haustmót Taflfélags Reykjavíkur 2015,"]
[Site "Faxafen 12, Reykjavík"]
[Date "2015.10.14"]
[Round "8.5"]
[White "Gudmarsson, Olafur"]
[Black "Magnusdottir, Veronika Steinun"]
[Result "1-0"]
[WhiteElo "1667"]
[BlackElo "1843"]
[PlyCount "99"]
[EventDate "2015.09.13"]

1. d4 d5 2. c4 c6 3. Nc3 dxc4 4. Bf4 b5 5. a4 b4 6. Na2 a5 7. e4 Ba6 8. Rc1 Nf6
9. f3 b3 10. Nc3 e6 11. Bg5 Be7 12. Nge2 Nxe4 13. Bxe7 Nxc3 14. Bxd8 Nxd1 15.
Kxd1 Kxd8 16. Ng3 Ke7 17. Bxc4 Bxc4 18. Rxc4 Rd8 19. Re1 Na6 20. Kc1 Nb4 21.
Kd2 c5 22. Rxc5 Rxd4+ 23. Kc3 Rd3+ 24. Kc4 Rd2 25. Re2 Rc2+ 26. Rxc2 bxc2 27.
Ne2 Rd8 28. Kb5 Rd2 29. Nc1 Rxg2 30. Kxa5 Nd5 31. Kb5 Kd7 32. a5 Rg5 33. Rxc2
Nc7+ 34. Ka4 Kd6 35. Nd3 Rd5 36. Nf2 Rd4+ 37. b4 Nd5 38. Ne4+ Ke7 39. Rb2 f5
40. Nc5 Nc3+ 41. Kb3 Nd5 42. Ka3 Kd6 43. a6 Nc7 44. Ka4 Kc6 45. Ka5 e5 46. Rc2
Rd5 47. a7 Na8 48. Ka6 Rd1 49. Na4+ Kd7 50. Kb7 1-0

[Event "Haustmót Taflfélags Reykjavíkur 2015,"]
[Site "Faxafen 12, Reykjavík"]
[Date "2015.10.16"]
[Round "9.1"]
[White "Ptacnikova, Lenka"]
[Black "Jonasson, Benedikt"]
[Result "0-1"]
[WhiteElo "2235"]
[BlackElo "2230"]
[PlyCount "72"]
[EventDate "2015.09.13"]

1. e4 c5 2. Nf3 Nc6 3. d4 cxd4 4. Nxd4 g6 5. Nc3 Bg7 6. Nde2 Nf6 7. g3 O-O 8.
Bg2 d6 9. O-O Bd7 10. a4 Rc8 11. h3 b6 12. Bg5 Ne5 13. Qc1 Bc6 14. Rd1 Qc7 15.
Nd4 Bb7 16. Nd5 Nxd5 17. exd5 Rfe8 18. c3 a6 19. Qd2 e6 20. dxe6 fxe6 21. Qe2
Bxg2 22. Kxg2 Qb7+ 23. f3 Nf7 24. Be3 h5 25. h4 e5 26. Nc2 d5 27. Qd3 d4 28.
cxd4 e4 29. fxe4 Rxe4 30. Kf2 Nd6 31. d5 Rg4 32. Bf4 Nf5 33. Qb3 Kh7 34. Rd3
Qf7 35. Re1 Nxg3 36. Rxg3 Qxf4+ 0-1

[Event "Haustmót Taflfélags Reykjavíkur 2015,"]
[Site "Faxafen 12, Reykjavík"]
[Date "2015.10.16"]
[Round "9.3"]
[White "Thorhallsson, Gylfi"]
[Black "Jensson, Einar Hjalti"]
[Result "0-1"]
[WhiteElo "2080"]
[BlackElo "2392"]
[PlyCount "78"]
[EventDate "2015.09.13"]

1. e4 c6 2. d4 d5 3. Nc3 dxe4 4. Nxe4 Nf6 5. Nxf6+ gxf6 6. Bf4 Qb6 7. b3 Na6 8.
Bxa6 Qxa6 9. Qe2 Qa5+ 10. Bd2 Qd5 11. Nf3 Rg8 12. c4 Qh5 13. Rg1 Bg4 14. O-O-O
O-O-O 15. Bc3 Bh6+ 16. Kb2 Bxf3 17. Qxf3 Qxf3 18. gxf3 Rg6 19. Rg4 Rdg8 20. h3
Bg5 21. d5 f5 22. Rgd4 c5 23. R4d3 Kd7 24. Re1 Bf4 25. Be5 Bh6 26. Kc2 Rg2 27.
Re2 Rg1 28. Rd1 Rxd1 29. Kxd1 f6 30. Bb2 Bf4 31. b4 cxb4 32. Bd4 Rg1+ 33. Kc2
b6 34. Re6 Bd6 35. Re2 Rh1 36. Re3 f4 37. Rb3 Rxh3 38. Kd2 h5 39. Ke2 Rh1 0-1

[Event "Haustmót Taflfélags Reykjavíkur 2015,"]
[Site "Faxafen 12, Reykjavík"]
[Date "2015.10.16"]
[Round "9.4"]
[White "Viglundsson, Bjorgvin"]
[Black "Johannsson, Orn Leo"]
[Result "1-0"]
[WhiteElo "2169"]
[BlackElo "2123"]
[PlyCount "121"]
[EventDate "2015.09.13"]

1. d4 d5 2. c4 c6 3. cxd5 cxd5 4. Bf4 e6 5. e3 Bd6 6. Bxd6 Qxd6 7. Nc3 a6 8.
Qg4 g6 9. Bd3 Nf6 10. Qh4 Nbd7 11. f4 Ne4 12. Bxe4 dxe4 13. Nge2 f5 14. g4 Nb6
15. b3 Bd7 16. Qf6 Rf8 17. Qh4 Qe7 18. Qxe7+ Kxe7 19. a4 fxg4 20. Rg1 Nd5 21.
Kd2 Nf6 22. b4 Bc6 23. b5 Bd5 24. Rgb1 Rfd8 25. bxa6 bxa6 26. a5 h5 27. Na4 Ra7
28. Nc5 h4 29. Rb6 g3 30. h3 Rd6 31. Rab1 Nd7 32. Nxd7 Rdxd7 33. Nc3 Kf7 34.
Na4 Rdc7 35. Nc5 g5 36. fxg5 Re7 37. Rf1+ Kg6 38. Rf4 Kxg5 39. Rb8 Ra8 40. Rxa8
Bxa8 41. Nxe4+ Bxe4 42. Rxe4 Rb7 43. Rg4+ Kh5 44. e4 Rb5 45. Ke3 Rxa5 46. Kf4
Rb5 47. Rg8 a5 48. d5 exd5 49. e5 a4 50. e6 Rb7 51. Kf5 Kh6 52. Kf6 a3 53. Rg4
Kh7 54. Rxh4+ Kg8 55. Rg4+ Kf8 56. Ra4 Kg8 57. Rxa3 d4 58. Rxg3+ Kf8 59. Ra3
Kg8 60. Ra8+ Kh7 61. e7 1-0

[Event "Haustmót Taflfélags Reykjavíkur 2015,"]
[Site "Faxafen 12, Reykjavík"]
[Date "2015.10.16"]
[Round "9.1"]
[White "Birkisson, Bardur Orn"]
[Black "Thorsteinsdottir, Gudlaug"]
[Result "1-0"]
[WhiteElo "1854"]
[BlackElo "1934"]
[PlyCount "87"]
[EventDate "2015.09.13"]

1. e4 e5 2. Nf3 Nf6 3. Nc3 Nc6 4. a3 d6 5. d4 exd4 6. Nxd4 Be7 7. Bc4 O-O 8.
O-O Re8 9. Re1 Ne5 10. Ba2 c6 11. Bg5 h6 12. Bh4 Qc7 13. f3 Bd7 14. Qd2 Ng6 15.
Bf2 Bf8 16. Rad1 Rad8 17. Nce2 c5 18. Nf5 d5 19. Neg3 dxe4 20. Qc3 Bxf5 21.
Nxf5 exf3 22. Nxh6+ Kh7 23. Nxf7 Rxd1 24. Rxd1 Qf4 25. Qxf3 Qxf3 26. gxf3 Nf4
27. Kf1 Kg6 28. Nd8 Kf5 29. Nxb7 Rb8 30. Nxc5 Rxb2 31. Bb3 a5 32. Bd4 Rxb3 33.
cxb3 N6d5 34. Rb1 g5 35. b4 axb4 36. axb4 g4 37. fxg4+ Kxg4 38. b5 Nb6 39. Ne4
Nfd5 40. Nf6+ Kf5 41. Nxd5 Nxd5 42. b6 Bd6 43. b7 Bb8 44. Bf2 1-0

[Event "Haustmót Taflfélags Reykjavíkur 2015,"]
[Site "Faxafen 12, Reykjavík"]
[Date "2015.10.16"]
[Round "9.3"]
[White "Birkisson, Bjorn Holm"]
[Black "Jonsson, Olafur Gisli"]
[Result "1/2-1/2"]
[WhiteElo "1907"]
[BlackElo "1926"]
[PlyCount "121"]
[EventDate "2015.09.13"]

1. e4 d6 2. d4 Nf6 3. Nc3 c6 4. f4 Qa5 5. Bd3 e5 6. fxe5 dxe5 7. dxe5 Ng4 8.
Be2 Nxe5 9. Nf3 Nbd7 10. Nxe5 Nxe5 11. Be3 Be7 12. O-O O-O 13. Qe1 Qc7 14. Qg3
Bd6 15. Bf4 Be6 16. Rad1 f6 17. Kh1 Kh8 18. h4 Rad8 19. Rd2 Rd7 20. Rfd1 Rfd8
21. a3 Qb6 22. b4 Qc7 23. Na4 b6 24. Nc3 Qb8 25. Na4 Bc7 26. Rxd7 Rxd7 27. Rxd7
Bxd7 28. c4 Qe8 29. Nb2 Bd8 30. Bxe5 Qxe5 31. Qxe5 fxe5 32. g3 g6 33. Nd3 Bc7
34. c5 Kg7 35. Kg2 Kf6 36. g4 h6 37. Kf2 Be6 38. Ke3 Bd8 39. g5+ hxg5 40. hxg5+
Kxg5 41. Nxe5 bxc5 42. bxc5 Be7 43. Nf3+ Kf6 44. Kd4 g5 45. Nh2 Kg6 46. Ng4
Bf6+ 47. e5 Be7 48. Ne3 Bd8 49. Bf3 Bd7 50. Nc2 g4 51. Be4+ Kg5 52. Nb4 Bc7 53.
Nxc6 Kf4 54. Nxa7 Bxe5+ 55. Kd3 g3 56. Bg2 Bf5+ 57. Ke2 Bd4 58. Nb5 Bg4+ 59.
Kf1 Bxc5 60. Nc3 Bxa3 61. Ne2+ 1/2-1/2

[Event "Haustmót Taflfélags Reykjavíkur 2015,"]
[Site "Faxafen 12, Reykjavík"]
[Date "2015.10.16"]
[Round "9.4"]
[White "Stefansson, Vignir Vatnar"]
[Black "Sigurjonsson, Siguringi"]
[Result "1/2-1/2"]
[WhiteElo "1921"]
[BlackElo "1989"]
[PlyCount "57"]
[EventDate "2015.09.13"]

1. d4 d6 2. Nf3 g6 3. c4 Bg4 4. e4 Nc6 5. Be2 e5 6. d5 Bxf3 7. Bxf3 Nd4 8. Be3
Nxf3+ 9. Qxf3 Bh6 10. O-O Bxe3 11. Qxe3 Nf6 12. f4 Qe7 13. Nd2 exf4 14. Qxf4
Nh5 15. Qh6 f6 16. g4 Ng7 17. Rf3 O-O-O 18. Raf1 Rdf8 19. b4 f5 20. exf5 gxf5
21. gxf5 Rf6 22. Qe3 Qxe3+ 23. Rxe3 Rxf5 24. Rxf5 Nxf5 25. Rf3 Rg8+ 26. Kf1 Rf8
27. Kf2 Rf7 28. Ne4 Nh6 29. Ng5 1/2-1/2

[Event "Haustmót Taflfélags Reykjavíkur 2015,"]
[Site "Faxafen 12, Reykjavík"]
[Date "2015.10.16"]
[Round "9.5"]
[White "Hauksson, Hordur Aron"]
[Black "Sigurdsson, Snorri Thor"]
[Result "1-0"]
[WhiteElo "1958"]
[BlackElo "1956"]
[PlyCount "53"]
[EventDate "2015.09.13"]

1. d4 d5 2. c4 c6 3. e3 Nf6 4. Nc3 Bf5 5. cxd5 cxd5 6. Qb3 Bc8 7. Nf3 e6 8.
Bb5+ Nbd7 9. Bd2 Be7 10. a4 a5 11. O-O O-O 12. Rfc1 Qb6 13. Qc2 h6 14. Na2 Qd8
15. b4 b6 16. Bc6 Ra7 17. bxa5 bxa5 18. Nc3 Nb8 19. Nb5 Nxc6 20. Nxa7 Nxa7 21.
Qc7 Bd6 22. Qxa7 Ne4 23. Qxa5 Qf6 24. Bb4 Bxh2+ 25. Kxh2 Nxf2 26. Bxf8 Ng4+ 27.
Kg1 1-0

[Event "Haustmót Taflfélags Reykjavíkur 2015,"]
[Site "Faxafen 12, Reykjavík"]
[Date "2015.10.16"]
[Round "9.1"]
[White "Magnusdottir, Veronika Steinun"]
[Black "Ragnarsson, Heimir Pall"]
[Result "1-0"]
[WhiteElo "1843"]
[BlackElo "1712"]
[PlyCount "81"]
[EventDate "2015.09.13"]

1. e4 c5 2. Nf3 d6 3. d4 cxd4 4. Nxd4 Nf6 5. Nc3 g6 6. Be3 a6 7. f3 Bg7 8. Qd2
h5 9. O-O-O b5 10. Kb1 Bb7 11. e5 dxe5 12. Ne6 Qxd2 13. Nxg7+ Kf8 14. Ne6+ fxe6
15. Rxd2 Nbd7 16. Bd3 Kf7 17. Bg5 Nc5 18. Re1 Nfd7 19. Bf1 Bc6 20. g3 b4 21.
Ne4 Nxe4 22. fxe4 a5 23. Rf2+ Nf6 24. Bc4 Rac8 25. Ref1 Bxe4 26. Bxf6 exf6 27.
Rxf6+ Ke7 28. Rxe6+ Kd8 29. Rd1+ Kc7 30. Rxe5 Rcd8 31. Kc1 Rxd1+ 32. Kxd1 Rd8+
33. Ke2 Rd4 34. Bb3 Bf5 35. Rxa5 Kb6 36. Re5 Re4+ 37. Rxe4 Bxe4 38. Ke3 Bf5 39.
Kd4 Kb5 40. Bc4+ Ka4 41. Bd3 1-0

[Event "Haustmót Taflfélags Reykjavíkur 2015,"]
[Site "Faxafen 12, Reykjavík"]
[Date "2015.10.16"]
[Round "9.2"]
[White "Briem, Hedinn"]
[Black "Gudmarsson, Olafur"]
[Result "1-0"]
[WhiteElo "1488"]
[BlackElo "1667"]
[PlyCount "49"]
[EventDate "2015.09.13"]

1. d4 d5 2. Nf3 e6 3. Bf4 Nf6 4. e3 Bb4+ 5. c3 Bd6 6. Bd3 c5 7. Bxd6 Qxd6 8.
Nbd2 c4 9. Bc2 Nc6 10. O-O O-O 11. e4 Qd8 12. e5 Ne8 13. Re1 f5 14. exf6 Qxf6
15. Qe2 Nc7 16. Ne5 Nxe5 17. dxe5 Qe7 18. Qg4 Bd7 19. Re3 g6 20. Rg3 Qf7 21.
Nf3 Ne8 22. Rf1 Ng7 23. Ng5 Qe7 24. Nxh7 Nf5 25. Bxf5 1-0

[Event "Haustmót Taflfélags Reykjavíkur 2015,"]
[Site "Faxafen 12, Reykjavík"]
[Date "2015.10.16"]
[Round "9.3"]
[White "Jonsson, Gauti Pall"]
[Black "Luu, Robert"]
[Result "1-0"]
[WhiteElo "1769"]
[BlackElo "1490"]
[PlyCount "79"]
[EventDate "2015.09.13"]

1. e4 c6 2. Nc3 d5 3. Nf3 Bg4 4. h3 Bxf3 5. Qxf3 Nf6 6. d3 e6 7. Bd2 Nbd7 8. g4
h6 9. Qg3 dxe4 10. dxe4 Be7 11. O-O-O Qb6 12. Bc4 O-O-O 13. f4 Qc7 14. Rhe1 Nb6
15. Bf1 g6 16. h4 h5 17. g5 Nfd7 18. Qf3 Rhf8 19. Kb1 f6 20. gxf6 Rxf6 21. Qh3
e5 22. f5 gxf5 23. Bg5 Rf7 24. exf5 Nf6 25. Qf3 Rh7 26. Qe2 Rxd1+ 27. Nxd1 Nbd7
28. Nc3 Bd6 29. Qd2 Ne8 30. Bc4 Ndf6 31. Be6+ Kb8 32. Rd1 Be7 33. Qe2 Bd6 34.
Ne4 Be7 35. Re1 Nxe4 36. Qxe4 Bd6 37. f6 Rh8 38. f7 Ng7 39. Bb3 Rf8 40. Qg6 1-0

[Event "Haustmót Taflfélags Reykjavíkur 2015,"]
[Site "Faxafen 12, Reykjavík"]
[Date "2015.10.16"]
[Round "9.5"]
[White "Mai, Aron Thor"]
[Black "Davidsson, Oskar Vikingur"]
[Result "1/2-1/2"]
[WhiteElo "1502"]
[BlackElo "1742"]
[PlyCount "51"]
[EventDate "2015.09.13"]

1. Nf3 d5 2. g3 Nf6 3. Bg2 Nc6 4. d3 e5 5. O-O h6 6. e4 d4 7. a4 Bg4 8. h3 Be6
9. Na3 Qd7 10. Kh2 Be7 11. b3 g5 12. Nd2 h5 13. f3 O-O-O 14. Nac4 g4 15. h4
Rhg8 16. f4 exf4 17. Rxf4 Ne8 18. Ba3 Bxa3 19. Nxa3 Nd6 20. Ndc4 Nxc4 21. Nxc4
Rgf8 22. Qd2 f5 23. Raf1 Rf7 24. b4 Bxc4 25. dxc4 Rdf8 26. Rxf5 1/2-1/2

[Event "Haustmót Taflfélags Reykjavíkur 2015,"]
[Site "Faxafen 12, Reykjavík"]
[Date "2015.10.14"]
[Round "8.1"]
[White "Jonasson, Benedikt"]
[Black "Bergsson, Stefan"]
[Result "1/2-1/2"]
[WhiteElo "2230"]
[BlackElo "2067"]
[PlyCount "55"]
[EventDate "2015.09.13"]

1. e4 e5 2. Nf3 Nc6 3. Bb5 f5 4. d4 fxe4 5. Nxe5 Nf6 6. O-O Be7 7. f3 exf3 8.
Nxf3 O-O 9. c4 Nb8 10. Nc3 c6 11. Ba4 d5 12. Bb3 Bg4 13. cxd5 Nxd5 14. Qd3 Bf6
15. Qc4 Bxf3 16. Rxf3 Re8 17. Nxd5 cxd5 18. Qxd5+ Kh8 19. Be3 Nc6 20. Bf2 Nxd4
21. Rd3 Qxd5 22. Bxd5 Rad8 23. Bf7 Re7 24. Bh5 Rd5 25. Rad1 Red7 26. Bxd4 Rxd4
27. Rxd4 Rxd4 28. b3 1/2-1/2

[Event "Haustmót Taflfélags Reykjavíkur 2015,"]
[Site "Faxafen 12, Reykjavík"]
[Date "2015.10.14"]
[Round "8.2"]
[White "Bjarnason, Saevar"]
[Black "Viglundsson, Bjorgvin"]
[Result "0-1"]
[WhiteElo "2108"]
[BlackElo "2169"]
[PlyCount "67"]
[EventDate "2015.09.13"]

1. d4 Nf6 2. c4 c5 3. d5 e5 4. Nc3 d6 5. e4 Be7 6. b3 O-O 7. Nf3 Nbd7 8. Bd3
Ne8 9. g4 g6 10. Bh6 Ng7 11. Qd2 Nf6 12. O-O-O a6 13. Rdg1 b5 14. cxb5 axb5 15.
Bxb5 Bd7 16. Bxd7 Nxd7 17. h4 f6 18. Qc2 Qb6 19. Nd2 Qa6 20. Kb1 c4 21. Be3 Bd8
22. a3 Bb6 23. Bxb6 Nxb6 24. Na2 Qb5 25. Ka1 Rfc8 26. Nb1 Nd7 27. Nbc3 Qb6 28.
Nc1 Nc5 29. Rg3 Rc7 30. Re1 Rb7 31. Re2 Ne8 32. g5 fxg5 33. hxg5 Kg7 34. Nb1 {
Oskiljanlegt. Svartur vann i 37 leikjum} 0-1

[Event "Haustmót Taflfélags Reykjavíkur 2015,"]
[Site "Faxafen 12, Reykjavík"]
[Date "2015.10.14"]
[Round "8.3"]
[White "Johannsson, Orn Leo"]
[Black "Thorhallsson, Gylfi"]
[Result "1/2-1/2"]
[WhiteElo "2123"]
[BlackElo "2080"]
[PlyCount "56"]
[EventDate "2015.09.13"]

1. e4 c5 2. Nf3 a6 3. c4 Nc6 4. Nc3 g6 5. d4 cxd4 6. Nxd4 Bg7 7. Be3 d6 8. Qd2
Nf6 9. f3 O-O 10. Be2 Nxd4 11. Bxd4 Be6 12. O-O Qa5 13. Rad1 Rfc8 14. Nd5 Qxd2
15. Nxf6+ Bxf6 16. Rxd2 Bxd4+ 17. Rxd4 Rc5 18. a4 Rac8 19. b3 Kf8 20. Kf2 Ke8
21. Ke3 f5 22. g4 fxg4 23. fxg4 Bd7 24. Rd5 Be6 25. Rd4 a5 26. h4 h6 27. Rf2
Kd7 28. Rd1 Rg8 1/2-1/2

[Event "Haustmót Taflfélags Reykjavíkur 2015,"]
[Site "Faxafen 12, Reykjavík"]
[Date "2015.10.14"]
[Round "8.4"]
[White "Jensson, Einar Hjalti"]
[Black "Johannesson, Oliver"]
[Result "1-0"]
[WhiteElo "2392"]
[BlackElo "2198"]
[PlyCount "63"]
[EventDate "2015.09.13"]

1. c4 c6 2. Nf3 d5 3. e3 Nf6 4. Nc3 a6 5. d4 b5 6. c5 Bg4 7. Be2 Nbd7 8. O-O a5
9. Bd2 e6 10. a3 Be7 11. b4 axb4 12. axb4 Rxa1 13. Qxa1 Ne4 14. Qb2 O-O 15. Ra1
Qb8 16. Ra5 Qb7 17. Qa2 Bxf3 18. Ra7 Qb8 19. gxf3 Nxc3 20. Bxc3 Qc8 21. Qa6
Qxa6 22. Rxa6 Nb8 23. Ra7 Bf6 24. f4 Rd8 25. f3 g6 26. Be1 Kf8 27. Bg3 Kg7 28.
Kf1 Rc8 29. f5 exf5 30. Ra8 Re8 31. Kf2 Bg5 32. Be5+ 1-0

[Event "Haustmót Taflfélags Reykjavíkur 2015,"]
[Site "Faxafen 12, Reykjavík"]
[Date "2015.10.14"]
[Round "8.5"]
[White "Thorfinnsson, Bragi"]
[Black "Ptacnikova, Lenka"]
[Result "1-0"]
[WhiteElo "2414"]
[BlackElo "2235"]
[PlyCount "59"]
[EventDate "2015.09.13"]

1. Nf3 b5 2. e4 Bb7 3. e5 a6 4. a4 b4 5. c3 e6 6. d4 d6 7. a5 Nd7 8. Qa4 Bxf3
9. gxf3 dxe5 10. dxe5 c5 11. Bd3 f5 12. Qc6 Ne7 13. Qxe6 Nxe5 14. Bxa6 Rxa6 15.
Qxa6 Qd5 16. Nd2 Nxf3+ 17. Nxf3 Qxf3 18. Rg1 bxc3 19. Qe2 Qa8 20. bxc3 Kf7 21.
a6 Nd5 22. Rb1 Bd6 23. Rb7+ Bc7 24. Qc4 Qe8+ 25. Be3 Qe6 26. Qxc5 Rc8 27. c4
Nxe3 28. Rxc7+ Rxc7 29. Qxc7+ Ke8 30. Qb8+ 1-0

[Event "Haustmót Taflfélags Reykjavíkur 2015,"]
[Site "Faxafen 12, Reykjavík"]
[Date "2015.10.14"]
[Round "8.1"]
[White "Thorsteinsdottir, Gudlaug"]
[Black "Hauksson, Hordur Aron"]
[Result "1-0"]
[WhiteElo "1934"]
[BlackElo "1958"]
[PlyCount "78"]
[EventDate "2015.09.13"]

1. d4 d5 2. c4 e6 3. Nf3 c6 4. e3 f5 5. Nc3 Nf6 6. Bd3 Bd6 7. O-O O-O 8. b3 Ne4
9. Ne2 Nd7 10. a4 Qe7 11. Bb2 Rf6 12. Ne5 Rh6 13. f3 Bxe5 14. dxe5 Nec5 15. Bd4
Qh4 16. h3 g5 17. Bc2 g4 18. fxg4 fxg4 19. Rf4 Qe7 20. Rxg4+ Kh8 21. cxd5 cxd5
22. Nc3 b6 23. Qf3 Ba6 24. Nb5 Bxb5 25. axb5 a5 26. b4 Nb7 27. e4 Rc8 28. Bd3
Rc4 29. exd5 Rxd4 30. Rxd4 Nxe5 31. Qf4 Nf7 32. Qb8+ Nbd8 33. Rf1 Rf6 34. Rdf4
Rxf4 35. Rxf4 Kg7 36. Rg4+ Kh8 37. dxe6 Qxe6 38. Bc4 Qd6 39. Qxd6 Nxd6 1-0